South Africa's National Languages-Sudden Death - Statistics

General Stats
  • This quiz has been taken 27 times
  • The average score is 7 of 12
Answers on the Grid
Answers color-coded by a green-red scale on the quiz's grid according to % correct below.
English
Afrikaans
Zulu
Xhosa
Sepedi
Tswana
Southern Sotho
Tsonga
Swazi
Venda
Southern Ndebele
South African Sign Language
Khoekhoegowab
!Orakobab
Xirikobab
Swahili
!Xunthali
Khwedam
SiPhuthi
IsiHlubi
SiBhaca
SiLala
SiNhlangwini
SiNdebele
IsiMpondo
Isimpomse
KheLobedu
SePulana
HiPai
SeKutswe
Tamil
Telugu
 
Answer Stats
Answer % Correct
Afrikaans
86%
Xhosa
82%
English
73%
Zulu
73%
Tswana
68%
Southern Sotho
55%
Swazi
55%
South African Sign Language
50%
Tsonga
50%
Venda
41%
Southern Ndebele
23%
Sepedi
18%
No matching quizzes found
Score Distribution
Percent of People with Each Score
Percentile by Number Answered
Your Score History
You have not taken this quiz